00927nam a2200229 a 4500001000400000003000900004005001700013008004100030020001600071040002300087082002100110100002300131245007700154260003900231300004500270504005100315520018100366600003000547650003800577651003500615651004700650443BD-DhUAP20200128154314.0200128s1994 bg a b 001 0beng d a9840512293  aDLCcDLCdBD-DhUAP00a327.2092 AHM2231 aAhmed, Fakhruddin.10aCritical times :bmemoirs of a South Asian diplomat /cFakhruddin Ahmed. aDhaka :bUniversity Press,cc1994. avi, 272 pages :billustrations ;c22 cm. aIncludes bibliographical references and index. aPersonal accounts of Fakhruddin Ahmed, b. 1931, of his experiences during his career in the foreign service of Bangladesh and his postings to the various capitals of the world.10aAhmed, Fakhruddin,d1931- 0aDiplomatszBangladeshxBiography. 0aBangladeshxForeign relations. 0aBangladeshxPolitics and governmenty1971-